[Event "Ambelokipi op 165th"]
[Site "Athens"]
[Date "2017.10.25"]
[Round "7"]
[White "Delithanasis, Dimitrios"]
[Black "Tzortzis, Dimitrios"]
[Result "0-1"]
[WhiteElo "2007"]
[BlackElo "1991"]
[PlyCount "80"]
[EventDate "2017.09.13"]
[EventType "swiss"]
[EventRounds "7"]
[EventCountry "GRE"]
[SourceTitle "EXT 2024"]
[Source "ChessBase"]
[SourceDate "2023.10.10"]
[SourceVersion "1"]
[SourceVersionDate "2023.10.10"]
[SourceQuality "1"]

1. c4 Nf6 2. Nc3 e6 3. e3 d5 4. Nf3 Be7 5. b3 0-0 6. Bb2 c5 7. a3 Nc6 8. cxd5 Nxd5 9. Qc2 b6 10. h4 Nxc3 11. Bxc3 Qd6 12. Bc4 a6 13. g4 b5 14. Ng5 f5 15. gxf5 Bxg5 16. hxg5 bxc4 17. Bxg7 Rxf5 18. Qe4 Ra7 19. Bf6 Ne5 20. 0-0-0 Qd3 21. Rh4 Qxe4 22. Rxe4 Nd3+ 23. Kc2 Nxf2 24. Rxc4 Nxd1 25. Kxd1 Bd7 26. Kc2 Bb5 27. Rh4 Rd7 28. a4 Bd3+ 29. Kc3 Rf1 30. Kb2 Bg6 31. d4 cxd4 32. exd4 Rb1+ 33. Ka2 Rb7 34. Rh3 Kf7 35. Rc3 h5 36. Rf3 Rd1 37. Be5+ Bf5 38. Rf2 h4 39. Rf4 h3 40. Rh4 Kg6 0-1

[Event "Ambelokipi op 140th"]
[Site "Athens"]
[Date "2013.11.11"]
[Round "1"]
[White "Tzortzis, Dimitrios"]
[Black "Panaidis, Fragkiskos"]
[Result "1-0"]
[WhiteElo "1710"]
[BlackElo "1346"]
[PlyCount "60"]
[EventDate "2013.11.11"]
[EventType "swiss"]
[EventRounds "7"]
[EventCountry "GRE"]
[SourceTitle "EXT 2024"]
[Source "ChessBase"]
[SourceDate "2023.10.10"]
[SourceVersion "1"]
[SourceVersionDate "2023.10.10"]
[SourceQuality "1"]

1. c4 c5 2. g3 Nf6 3. Nc3 e6 4. Nf3 d5 5. cxd5 exd5 6. d4 b6 7. Bg2 Nbd7 8. 0-0 Bb7 9. Re1 Be7 10. Ne5 0-0 11. Nxd7 Qxd7 12. a4 a6 13. a5 b5 14. Bg5 c4 15. Qc2 Bb4 16. Bxf6 gxf6 17. e4 dxe4 18. Bxe4 Bxe4 19. Rxe4 f5 20. Rf4 f6 21. Rxf5 Qd8 22. Rh5 Rf7 23. Nd5 Bf8 24. Re1 Raa7 25. Re6 Rad7 26. Qf5 Rxd5 27. Qxd5 Qxa5 28. Rxf6 Qe1+ 29. Kg2 Qe7 30. Rhf5 Kh8 1-0

[Event "Athens op 09"]
[Site "Athens"]
[Date "2011.10.05"]
[Round "7"]
[White "Tzortzis, Dimitrios"]
[Black "Delithanasis, Dimitrios"]
[Result "0-1"]
[WhiteElo "1720"]
[BlackElo "2137"]
[PlyCount "58"]
[EventDate "2011.09.10"]
[EventType "swiss"]
[EventRounds "7"]
[EventCountry "GRE"]
[SourceTitle "CBM 144 Extra"]
[Source "ChessBase"]
[SourceDate "2011.10.28"]
[SourceVersion "1"]
[SourceVersionDate "2011.10.28"]
[SourceQuality "1"]

1. d4 d5 2. c4 c6 3. Nf3 Nf6 4. Nc3 e6 5. Bg5 Nbd7 6. e3 Qa5 7. a3 Ne4 8. Qa4 Qxa4 9. Nxa4 dxc4 10. Bf4 b5 11. Nc3 Nxc3 12. bxc3 Nb6 13. Kd2 a5 14. Be2 a4 15. Rhb1 Bd7 16. Ne5 f6 17. Nf3 Be7 18. Ne1 0-0 19. Nc2 e5 20. Bg3 Bf5 21. Rd1 Nd5 22. Nb4 Bxb4 23. axb4 exd4 24. exd4 Rfe8 25. Re1 Be4 26. Bg4 f5 27. Be5 Rad8 28. Bf3 Rxe5 29. dxe5 Nxb4+ 0-1

[Event "Athens op 09"]
[Site "Athens"]
[Date "2011.09.24"]
[Round "4"]
[White "Poulos, Georgios"]
[Black "Tzortzis, Dimitrios"]
[Result "0-1"]
[WhiteElo "2071"]
[BlackElo "1720"]
[PlyCount "64"]
[EventDate "2011.09.10"]
[EventType "swiss"]
[EventRounds "7"]
[EventCountry "GRE"]
[SourceTitle "CBM 144 Extra"]
[Source "ChessBase"]
[SourceDate "2011.10.28"]
[SourceVersion "1"]
[SourceVersionDate "2011.10.28"]
[SourceQuality "1"]

1. e4 c5 2. Nf3 d6 3. d4 cxd4 4. Nxd4 Nf6 5. Nc3 a6 6. Bc4 e6 7. Bb3 Nbd7 8. f4 Qc7 9. Be3 b5 10. Qe2 Bb7 11. 0-0-0 Nxe4 12. f5 Nxc3 13. bxc3 e5 14. Bxf7+ Kxf7 15. Qh5+ Kg8 16. Ne6 Qxc3 17. Bg5 Be4 18. Qe2 Bxf5 19. Nxf8 Nxf8 20. Rhf1 Bg6 21. Be7 h6 22. Rxd6 Kh7 23. h4 Re8 24. h5 Bxc2 25. Qxc2+ Qxc2+ 26. Kxc2 Rxe7 27. Rxa6 Ne6 28. g4 Nd4+ 29. Kd3 Rd8 30. Ke4 Rdd7 31. Rf8 Ne6 32. Rb8 Nc5+ 0-1